书目信息 |
| 题名: |
天使在说话
|
|
| 作者: | 顾平 , 孙洪军 主编 ;意林杂志社 编 | |
| 分册: | ||
| 出版信息: | 长春 吉林摄影出版社 2009.12 |
|
| 页数: | 180页 | |
| 开本: | 24cm | |
| 丛书名: | 金故事系列丛书 | |
| 单 册: | ||
| 中图分类: | I247.8 , I287.5 | |
| 科图分类: | ||
| 主题词: | 儿童故事 , 儿童故事--作品集--中国--当代 | |
| 电子资源: | ||
| ISBN: | 978-7-80757-623-5 | |
| 000 | 00971nam0 2200301 450 | |
| 001 | 1151171030 | |
| 005 | 20111228141314.89 | |
| 010 | @a978-7-80757-623-5@dCNY22.80 | |
| 090 | @aI287.5@bshj | |
| 096 | @aI247.8@bshj | |
| 100 | @a20100826d2009 cemy0chiy50 ea | |
| 101 | 0 | @achi |
| 102 | @aCN@b220000 | |
| 105 | @aa z 000fy | |
| 200 | 1 | @a天使在说话@b专著@e影响孩子一生的63个亲情故事@f孙洪军, 顾平主编@g《意林》杂志社编@9tian shi zai shuo hua |
| 210 | @a长春@c吉林摄影出版社@d2009.12 | |
| 215 | @a180页@c彩图@d24cm | |
| 225 | 1 | @a金故事系列丛书@v7 |
| 517 | 1 | @a影响孩子一生的63个亲情故事@9ying xiang hai zi yi sheng de 63 ge qin qing gu shi |
| 606 | 0 | @a儿童故事 |
| 606 | 0 | @a儿童故事@x作品集@y中国@z当代 |
| 690 | @aI247.8@v4 | |
| 690 | @aI287.5@v4 | |
| 701 | 0 | @a顾平@4主编@9gu ping |
| 701 | 0 | @a孙洪军@f(1965~)@4主编@9sun hong jun |
| 712 | 02 | @a意林杂志社@4编@9yi lin za zhi she |
| 801 | 0 | @aCN@b110017@c20100304 |
| 905 | @aZUCC@dI247.8@eG502 | |
| 天使在说话:影响孩子一生的63个亲情故事/孙洪军, 顾平主编/《意林》杂志社编.-长春:吉林摄影出版社,2009.12 |
| 180页:彩图;24cm.-(金故事系列丛书;7) |
| ISBN 978-7-80757-623-5:CNY22.80 |
| ● |
| 相关链接 |
|
|
|
正题名:天使在说话
索取号:I247.8/G502
 
预约/预借
| 序号 | 登录号 | 条形码 | 馆藏地/架位号 | 状态 | 备注 |
| 1 | 467017 | 204670178 | 文学库108/108文学库 998排8列1层/ [索取号:I247.8/G502] | 在馆 | |
| 2 | 467018 | 204670187 | 文学库108/108文学库 63排5列4层/ [索取号:I247.8/G502] | 在馆 | |
| 3 | 467019 | 204670196 | 文学库108/108文学库 63排5列4层/ [索取号:I247.8/G502] | 在馆 |